00865nam a2200241 i 450000100060000000300090000600500170001500700030003200800410003510000250007624501110010125000120021226000360022430000320026049000270029250400310031960000410035070000360039183000350042785200220046299900170048495201220050161255ES-MaACL20230906164419.0t|031111s1972 sp ||||1| spa d1 aEvans, Peter.94836410aPeter Sellers b: la máscara tras la máscara / cPeter Evans ; [traducido por Amparo García Burgos]. a1ª ed. aBarcelona : bGrijalbo, c1972. a265 p., 4 lám. ; c20 cm.1 aFiguras del cine ; v3 aFilmografía: p. 263-265.14aSellers, Peter (d1925-1980)91710441 aGarcía Burgos, Amparo.9542981 aFiguras del cine ; v39183501 aES-MaACLjC-42818 c61255d61255 00104070aATENEOMbATENEOMcDEPO2d2008-01-17eSCl0oC-42818p1064236r2023-02-23 00:00:00w2023-02-23yMONOGRAFIA